| 000 | 00750nam a2200253 a 4500 | ||
|---|---|---|---|
| 001 | BRCA_7521 | ||
| 005 | 20190320205854.0 | ||
| 008 | 160513s1950----sp-a###f##---#001-0#spa-# | ||
| 041 | _aspa | ||
| 044 | _asp | ||
| 050 | 4 |
_aGT1200 _b.O78 1950 |
|
| 100 | 1 |
_aOrtiz Echague, José _918552 |
|
| 245 | 1 | 0 |
_aEspaña _btipos y trajes _cpor José Ortiz Echague ; textos de Ortega y Gasset [et al.]. |
| 250 | _a8 | ||
| 260 |
_aMadrid _bMayfe _c1950 |
||
| 300 |
_a31 p. _bil., 272 láminas _c31 cm. |
||
| 500 | _aR71 | ||
| 650 | 1 | 4 |
_aTrajes populares _zEspaña _918553 |
| 650 | 1 | 4 |
_aIndumentaria _zEspaña _98008 |
| 651 | 4 |
_aEspaña _xVida social y costumbres _914203 |
|
| 700 | 1 |
_aOrtega y Gasset, José _d1883-1955 _918554 |
|
| 902 | _aGFM | ||
| 942 |
_2lcc _cB |
||
| 999 |
_c7195 _d7195 |
||